Countries, US States, Capitals, Elements, 100 Most Common Words: A + B + xyz = C - Statistics

General Stats
  • This quiz has been taken 42 times
  • The average score is 34 of 48
Answer Stats
ANSWER % Correct
{Welli}n{}g{}t{On}
82%
{Will} 1
82%
{Get} 5
79%
{Get} 8
79%
{N}o{}r{}t{h} {Dakota}
79%
{Not} 1
79%
{One} 7
79%
{One} 9
79%
{}p{}o{r}t{-oF-Spain}
79%
{Tin} 7
79%
{Tin} 8
79%
{BurkIn}a{} f{a}s{o}
76%
{}n{eThe}r{Land}s{}
76%
{She} 3
76%
{All} 2
73%
{Dhaka} 7
73%
{Iron} 3
73%
{Iron} 5
73%
{}m{}o{NteneG}r{o}
73%
{Them} 1
73%
{Then} 3
73%
{Apia} 2
70%
{Baku} 1
70%
{Can} 3
70%
{Can} 8
70%
{Its} 7
70%
{Lead} 7
70%
{}m{inne}s{OT}a{}
70%
{}n{ASh}v{}i{lle}
70%
{Now} 10
70%
{Our} 4
70%
{pAna}m{a} {Ci}t{}y{}
70%
{}s{}a{CRamen}t{o}
70%
{s}t{rO}n{tIu}m{}
70%
{w}a{shi}n{}g{ToN}
70%
{Neon} 3
67%
{Rome} 4
67%
{}s{OutH} c{aro}l{ina}
67%
{For} 7
64%
{Spain} 9
64%
{This} 8
64%
{}b{rI}d{Geto}w{n}
61%
{Out} 2
61%
{T}e{}c{hneTi}u{m}
61%
{His} 2
55%
{RHo}d{}e {is}l{and}
55%
{Honiara} 5
52%
{Radon} 1
52%
No matching quizzes found
Score Distribution
Percent of People with Each Score
Percentile by Number Answered
Your Score History
You have not taken this quiz